000 00330nam a22001337a 4500
082 _a894.812
_bFUC/K
100 _aJULIUS FUCIK
245 _aKOLAMARATHIL NINNULLA KURIPPUKAL
250 _aFOURTH EDITION
260 _aTHIRUVANANTHAPURAM
_bCHINTHA PUBLISHERS
_c1997
300 _a104
650 _aMOTIVATIONAL
_zKERALA
942 _cBK
999 _c1134
_d1134